|
|
|
|
| LEADER |
01134nam a2200325 a 4500 |
| 001 |
32063 |
| 003 |
BD-DhAAL |
| 005 |
20211116112015.0 |
| 008 |
170924s2010 njua 001 0 eng |
| 999 |
|
|
|c 38271
|d 38271
|
| 010 |
|
|
|a 2009014021
|
| 020 |
|
|
|a 9781118857199
|
| 020 |
|
|
|a 97811186121332
|
| 020 |
|
|
|a 97811188557380
|
| 020 |
|
|
|a 9780470372104 (pbk. : alk. paper)
|
| 040 |
|
|
|a DLC
|c DLC
|d DLC
|d BD-DhAAL
|
| 050 |
0 |
0 |
|a NA1995
|b .W35 2010
|
| 082 |
0 |
0 |
|a 720.23
|2 22
|
| 100 |
1 |
|
|a Waldrep, Lee W.
|9 22066
|
| 245 |
1 |
0 |
|a Becoming an architect :
|b a guide to careers in design /
|c Lee W. Waldrep.
|
| 246 |
3 |
0 |
|a Guide to careers in design
|
| 250 |
|
|
|a 2nd edition
|
| 260 |
|
|
|a Hoboken, N.J. :
|b John Wiley & Sons,
|c c2014.
|
| 300 |
|
|
|a xv, 335 pages :
|b illustration ;
|c 23 cm.
|
| 526 |
|
|
|a ARC
|
| 541 |
|
|
|e 32063
|
| 650 |
|
0 |
|a Architecture
|x Vocational guidance.
|9 22067
|
| 650 |
|
0 |
|a Architecture.
|9 42690
|
| 942 |
|
|
|2 ddc
|c BK
|
| 952 |
|
|
|0 0
|1 0
|2 ddc
|4 0
|6 720_230000000000000_WAL
|7 0
|9 61040
|a BRACUL
|b BRACUL
|c GEN
|d 2017-08-27
|e Karim International
|g 4000.00
|l 9
|m 47
|o 720.23 WAL
|p 3010032063
|r 2024-07-03
|s 2024-06-26
|t 1
|v 4000.00
|w 2017-08-27
|y BK
|